000 00495nam a2200205Ia 4500
999 _c65374
_d65374
003 0100
005 20170530125146.0
008 130303s9999 xx 000 0 und d
020 _a9780333295007
040 _cARRUPELIB
050 _aDT28.F73 1984
100 _aFreund, Bill
_931722
245 4 _aThe making of contemporary Africa
245 _bthe development of African society since 1800
260 _bMacMillan
_aHoundmills
_c1984
300 _a357p.
300 _b 22cm.
650 _aAfrica
_xHistory
_y19th century
_931723
650 _aAfrica
_xSocial conditions
_927881
650 _aAfrica
_xHistory
_y1960
_916762
942 _2lcc
_cMONOGRAPH